00450nam a2200097Ia 45000010005000000080041000050820020000461000061000662450177001272600048003043051241024s9999 xx 000 0 und d aRD/461.07/R426p aRepública Dominicana.Ministerio de Educación. MINERD 0aPrograma de apoyo al plan decenal de educación MINERD-BID. Línea Base para la sistematización. Componente de apoyo a los aprendizajes en lectoescritura y matemática bSanto Domingo, República Dominicanac2013